00353 a2200097 4500001001000000005001700010008004100027245005100068100003200119773010400151ART_2561220260410161935.0260409a 10aSobre el valor de la justicia en la economía1 aLicciardo, Cayetano Antonio0 tAnales de la Academia Nacional de Ciencias Económicasg- Vol. XXXII, (1987) (ene. 1988)wREV25596